El abogado del marciano

Na minha lista:
Detalhes bibliográficos
Autor principal: Birmajer, Marcelo (Author)
Formato: Livro
Idioma:espanhol
Publicado em: Bogotá Norma 1997
Colecção:Colección torre de papel
Assuntos:
Tags: Adicionar Tag
Sem tags, seja o primeiro a adicionar uma tag!

MARC

LEADER 00000nam a2200000 a 4500
001 UCH8173
003 CL-VaPUC
008 091127e19970000CK |||||||||||||||||spa|d
020 |a 9580438137 
082 0 4 |a Ar863  |b BIR  |2 21 
100 0 |a Birmajer, Marcelo  |e author  |9 544619 
245 1 3 |a El abogado del marciano 
300 |a 142 p 
942 |c BK 
945 |d 20091127 00:00:00  |a ccalabra 
260 |a Bogotá  |b Norma  |c 1997 
500 |a Torre verde para jóvenes adultos 
650 0 |a Literatura  |9 259151 
650 0 |a Literatura argentina  |9 320596 
650 0 |a Literatura juvenil   |9 309909 
650 0 |a Novelas argentinas  |9 267871 
650 7 |a ESCRITORES ARGENTINOS  |2 CL-VaPUC  |9 544620 
650 0 |a Ficción   |9 376687 
650 0 |a Lectura  |9 307634 
651 0 |a Argentina  |9 254888 
583 |a last modification  |c 20091127 00:00:00  |k Rodrigo Vera 
490 0 |a Colección torre de papel 
999 |c 338407  |d 338405